Normal view MARC view
  • Loughborough studies in communication and discourse

Entry Uniform Title

Number of records used in: 3

001 - CONTROL NUMBER

  • control field: 4054

003 - CONTROL NUMBER IDENTIFIER

  • control field: NUST

005 - DATE AND TIME OF LATEST TRANSACTION

  • control field: 20170823143154.0

008 - FIXED-LENGTH DATA ELEMENTS

  • fixed length control field: 170823|| aca||aabn | a|a d

040 ## - CATALOGING SOURCE

  • Original cataloging agency: NUST
  • Transcribing agency: NUST

130 ## - HEADING--UNIFORM TITLE

  • Uniform title: Loughborough studies in communication and discourse

670 ## - SOURCE DATA FOUND

  • Source citation: Work cat.: (NUST)0: Billig, Michael. 4053, Ideology and opinions :, 1991.
© 2023 Central Library, National University of Sciences and Technology. All Rights Reserved.